Numerické riešenie rovníc v teórii krachu diplomová práca

Gespeichert in:
Bibliographische Detailangaben
1. Verfasser: Círia, Marek
Körperschaft: Fakulta hospodárskej informatiky EU. Katedra matematiky
Weitere Verfasser: Strešňáková, Anna, 1976-
Format: Buch
Sprache:Slowakisch
Veröffentlicht: Bratislava 2009
Tags: Tag hinzufügen
Keine Tags, Fügen Sie das erste Tag hinzu!

MARC

LEADER 00000nam$a2200000$$$4500
001 0095867
005 20240318135734.9
041 0 |a slo 
044 |a SK 
245 1 0 |a Numerické riešenie rovníc v teórii krachu  |b diplomová práca  |c Marek Círia ; škol. Anna Strešňáková 
264 1 |a Bratislava  |c 2009 
300 |a 64 s. 
100 1 |a Círia, Marek 
700 1 |a Strešňáková, Anna, 1976- 
710 2 |a Fakulta hospodárskej informatiky EU. Katedra matematiky